000 00331nam a2200145Ia 4500
008 230917s9999||||xx |||||||||||||| ||und||
040 _e137891
_aMAIN
041 _aEnglish
082 _a658.8 IC2M
100 _aICFAI
245 0 _aMarketing management
260 _aHyderabad
_bICFAI
_c2005
300 _a500p p.
942 _cBK
999 _c147876
_d147876